Textos latinos comentados / (Registro nro. 129486)

Detalles MARC
000 -LEADER
campo de control de longitud fija 00594nam a2200193 i 4500
001 - NÚMERO DE CONTROL
campo de control 129486
003 - IDENTIFICADOR DE NÚMERO DE CONTROL
campo de control ES-MaACL
005 - FECHA Y HORA DE LA ÚLTIMA TRANSACCIÓN
campo de control 20230906193518.0
007 - CAMPO FIJO DE DESCRIPCIÓN FÍSICA--INFORMACIÓN GENERAL
campo de control de longitud fija t|
008 - DATOS DE LONGITUD FIJA--INFORMACIÓN GENERAL
campo de control de longitud fija 070620s1977 sp ||||1| spa d
245 00 - MENCIÓN DEL TÍTULO
Título Textos latinos comentados /
Mención de responsabilidad, etc. Lisarte Rubio, Tomás González Rolan, Pilar Saquero.
250 ## - MENCION DE EDICION
Mención de edición [1ª ed.].
260 ## - PUBLICACIÓN, DISTRIBUCIÓN, ETC.
Lugar de publicación, distribución, etc. [Madrid] :
Nombre del editor, distribuidor, etc. Alhambra,
Fecha de publicación, distribución, etc. [1977]
300 ## - DESCRIPCIÓN FÍSICA
Extensión XII, 207 p. ;
Dimensiones 24 cm.
700 1# - ENTRADA AGREGADA--NOMBRE PERSONAL
Nombre de persona Lisarte Rubio.
9 (RLIN) 72531
700 0# - ENTRADA AGREGADA--NOMBRE PERSONAL
Nombre de persona González Rolán, Tomás.
9 (RLIN) 58928
700 1# - ENTRADA AGREGADA--NOMBRE PERSONAL
Nombre de persona Saquero Suárez-Somonte, Pilar.
9 (RLIN) 103731
852 ## - LOCALIZACIÓN
Ubicación ES-MaACL
Número de control de estantería A-7721
Sublocalización o colección R.96794
Existencias
Estatus retirado Estado de pérdida Estado de daño No para préstamo Biblioteca de origen Biblioteca actual Ubicación en estantería Fecha de adquisición Fuente de adquisición Total de préstamos Signatura topográfica completa Código de barras Visto por última vez Precio de reemplazo Tipo de ítem Koha
        Biblioteca del Ateneo de Madrid Biblioteca del Ateneo de Madrid Sala Pecera Planta 1 17/01/2008     A-7721 1134839 23/02/2023 23/02/2023 Libro impreso